000 00921nas a2200301 4500
001 BR2013007146
003 BR-BrBNA
005 20231205122908.0
007 ta
008 230509b bl.|||p| |||| 00| 00por d
040 _aBR-BrBNA
_bpor
_cBiblioteca Nacional de Agricultura
041 _a(Pt)
072 _aE72; E70
100 1 _aAngelo, H.
100 1 _aAlmeida, A.N. de
100 1 _aCalderon, R. de A.
100 1 _aPompermayer, R.S.
100 1 _aSouza, A.N. de
245 1 _aDeterminantes do preço da castanha-do-Brasil (Bertholletia excelsa)no mercado interno brasileiro
650 _aFLORESTA TROPICAL
650 _aECONOMETRIA
650 _aPREÇO
650 _aMERCADO NACIONAL
650 _aCASTANHA DO PARÁ
773 0 _tScientia Forestalis (Brazil)
_xISSN 1413-9324
_g(Jun 2013), v. 41(98) p. 195-203
_wBR2013007146
909 _a202311
_bLúcia
_c55
_dLúcia Elande
942 _2AGRIS
_n0
_cANA
999 _c231138
_d231138